| 000 | 01572nam0a2200397 4500 | ||
|---|---|---|---|
| 001 | RU\NLR\bibl\1285429 | ||
| 005 | 20260405164429.0 | ||
| 010 |
_a978-5-9704-0828-5 _92000 |
||
| 021 |
_aRU _b2008-66840 _93817 |
||
| 035 | _a(nilc)EL/0000218123 | ||
| 035 | _aVIL\RUSMED\0000139040 | ||
| 035 | _a(NLR Aleph) 001271157 | ||
| 090 |
_a439927 _c439927 |
||
| 100 | _a20080904d2008 |||y0rusy50 ca | ||
| 101 | 0 | _arus | |
| 102 | _aRU | ||
| 105 | _aa ||||||||| | ||
| 200 | 1 |
_aМедицинская микология _eруководство для врачей _f[к.м.н. В.А. Андреев и др.] _gпод ред. проф. В.Б. Сбойчакова |
|
| 210 |
_aМосква _cГЭОТАР-Медиа _d2008 |
||
| 215 |
_a206, [1] с. _cил., цв. ил. _d21 |
||
| 320 | _aБиблиогр. в конце кн. (15 назв.) | ||
| 606 | 1 |
_aМедицинская микология _jРуководства, пособия и т.п. _91534661 _3RU\NLR\auth\66668671 |
|
| 675 |
_a616-002.828(035) _vudc |
||
| 686 |
_a76.03.45 _2rugasnti |
||
| 686 |
_a76.01.33 _2rugasnti |
||
| 686 |
_aC01.703 _2MeSH |
||
| 686 | _aР517.4я77 | ||
| 686 | _aР264.94я77 | ||
| 702 | 1 |
_4220 _8rus _7ca _aАндреев _bВ. А. _cканд. мед. наук _gВиктор Александрович _3RU\NLR\auth\7770398 _953326 |
|
| 702 | 1 |
_aСбойчаков _bВ. Б. _gВиктор Борисович _4340 |
|
| 801 | 0 |
_aRU _bЦНМБ _c20080904 _gPSBO |
|
| 801 | 1 |
_aRU _bЦНМБ _c20080904 |
|
| 801 | 2 |
_aRU _bNLR _c20081018 _grcr |
|
| 942 | _cBOOK | ||
| 980 | _aNB | ||